000 00468pam a2200157a 44500
008 230515b2010 xxu||||| |||| 00| 0 eng d
020 _aNULL
041 _aENGLISH
082 _a923/SAG
100 _aSAGARE MS
245 _aDR PATANGRAO KADAM FOURCY OF FULFILLED DREAMS VOL 1 1944 -1969
250 _a1
260 _aPUNE
_bB. P. NATIONAL INSTITUTE OF SOCIAL WORK
_c2010
300 _a32
650 _aDR PATANGRAO KADAM FOURCY OF FULFILLED DREAMS VOL 1 1944 -1969
999 _c541179
_d541179